[Event "Philadelphia National op 35th"]
[Site "Philadelphia"]
[Date "2004.11.26"]
[Round "1"]
[White "Formanek, Edward W"]
[Black "Samuelson, Andrew"]
[Result "1/2-1/2"]
[WhiteElo "2306"]
[BlackElo "2101"]
[PlyCount "83"]
[EventDate "2004.11.26"]
[EventType "swiss"]
[EventRounds "6"]
[EventCountry "USA"]
[SourceTitle "CBM 103 Extra"]
[Source "ChessBase"]
[SourceDate "2005.01.01"]
[SourceVersion "1"]
[SourceVersionDate "2005.01.01"]
[SourceQuality "1"]

1. e4 c5 2. Nf3 d6 3. Bb5+ Bd7 4. Bxd7+ Qxd7 5. 0-0 Nc6 6. c4 g6 7. d4 cxd4 8. Nxd4 Bg7 9. Be3 Nf6 10. f3 0-0 11. Nc3 a6 12. Rc1 Rfc8 13. Nde2 b5 14. Nd5 Nxd5 15. cxd5 Ne5 16. b3 a5 17. Qd2 a4 18. Nd4 axb3 19. axb3 Qb7 20. Rxc8+ Rxc8 21. Rc1 Rxc1+ 22. Qxc1 h5 23. Nc6 e6 24. Nb4 Qa8 25. h3 Qa5 26. Nc6 Qa2 27. Nxe5 Bxe5 28. dxe6 fxe6 29. f4 Bf6 30. e5 dxe5 31. Qc8+ Kh7 32. Qxe6 Qa1+ 33. Kh2 exf4 34. Bxf4 Qd4 35. Bc7 Bg7 36. Bg3 Qc3 37. Bf4 Qf6 38. Qxf6 Bxf6 39. Kg3 Kg7 40. Kf3 Kf7 41. Ke4 Ke6 42. g4 1/2-1/2

[Event "Philadelphia National op 35th"]
[Site "Philadelphia"]
[Date "2004.11.26"]
[Round "2"]
[White "Pomerleano, Daniel"]
[Black "Formanek, Edward W"]
[Result "1/2-1/2"]
[WhiteElo "2250"]
[BlackElo "2306"]
[PlyCount "47"]
[EventDate "2004.11.26"]
[EventType "swiss"]
[EventRounds "6"]
[EventCountry "USA"]
[SourceTitle "CBM 103 Extra"]
[Source "ChessBase"]
[SourceDate "2005.01.01"]
[SourceVersion "1"]
[SourceVersionDate "2005.01.01"]
[SourceQuality "1"]

1. Nf3 d5 2. d4 Nc6 3. g3 Bg4 4. Bg2 e6 5. 0-0 Nf6 6. c4 Be7 7. Ne5 Bh5 8. Nc3 0-0 9. Nxc6 bxc6 10. c5 Qd7 11. Qa4 Rfd8 12. b4 Ne8 13. Bb2 f5 14. Qa6 Nf6 15. a4 Rab8 16. Ba3 Qc8 17. Qxc8 Rdxc8 18. Rfb1 a6 19. e3 Ra8 20. Bf1 Be8 21. Bd3 Ne4 22. Nxe4 fxe4 23. Be2 Bd7 24. Kg2 1/2-1/2

[Event "World op 32nd"]
[Site "Philadelphia"]
[Date "2004.07.02"]
[Round "3"]
[White "Formanek, Edward W"]
[Black "Au, Leslie"]
[Result "1-0"]
[WhiteElo "2298"]
[BlackElo "2251"]
[PlyCount "43"]
[EventDate "2004.07.01"]
[EventType "swiss"]
[EventRounds "9"]
[EventCountry "USA"]
[SourceTitle "CBM 101 Extra"]
[Source "ChessBase"]
[SourceDate "2004.09.01"]
[SourceVersion "2"]
[SourceVersionDate "2004.09.01"]
[SourceQuality "1"]

1. e4 e6 2. d4 d5 3. e5 c5 4. c3 Nc6 5. Nf3 Bd7 6. a3 f6 7. exf6 Nxf6 8. Bd3 cxd4 9. cxd4 Bd6 10. 0-0 0-0 11. Nc3 a6 12. Bc2 Qe8 13. Ne2 Ng4 14. Ng3 g6 15. h3 Nxf2 16. Kxf2 e5 17. Bb3 Be6 18. dxe5 Bc5+ 19. Ke1 Rd8 20. Bh6 Rf7 21. Rc1 Ba7 22. Qe2 1-0

[Event "Foxwoods op 06th"]
[Site "Connecticut"]
[Date "2004.04.10"]
[Round "6"]
[White "Formanek, Edward W"]
[Black "Filipovich, David"]
[Result "1/2-1/2"]
[WhiteElo "2304"]
[BlackElo "2207"]
[PlyCount "103"]
[EventDate "2004.04.07"]
[EventType "swiss"]
[EventRounds "9"]
[EventCountry "USA"]
[SourceTitle "CBM 099 Extra"]
[Source "ChessBase"]
[SourceDate "2004.05.04"]
[SourceVersion "1"]
[SourceVersionDate "2004.05.04"]
[SourceQuality "1"]

1. e4 c6 2. d4 d5 3. exd5 cxd5 4. c4 Nf6 5. Nc3 Nc6 6. Nf3 Bg4 7. cxd5 Nxd5 8. Be2 e6 9. 0-0 Be7 10. h3 Bh5 11. Qb3 Nxc3 12. bxc3 Qc7 13. Qb5 Bg6 14. Ne5 Be4 15. f3 Bc2 16. Qb2 Ba4 17. f4 0-0 18. Rb1 b6 19. Be3 Rac8 20. c4 Nxe5 21. fxe5 Bc6 22. Bd3 f6 23. Qc2 fxe5 24. Bxh7+ Kh8 25. Bd3 exd4 26. Bxd4 Qg3 27. Qe2 Qh4 28. Be5 Bc5+ 29. Kh2 Rcd8 30. Bg3 Qg5 31. Rxf8+ Rxf8 32. Rf1 Rxf1 33. Qxf1 Qe3 34. Bb8 a5 35. Qe2 Qxe2 36. Bxe2 Kg8 37. Kg3 Kf7 38. Bf3 Ba4 39. Be4 Bd4 40. Kf4 Kf6 41. Bd3 e5+ 42. Kf3 Bd1+ 43. Ke4 Ke6 44. c5 bxc5 45. Bc7 Ba4 46. Bc4+ Kf6 47. Bd8+ Kg6 48. Bxa5 Bc6+ 49. Bd5 Bb5 50. Kf3 c4 51. a4 Bxa4 52. Bxc4 1/2-1/2